Adivina el jugador de fútbol - Estadísticas

Estadísticas generales
  • Esta prueba ha sido intentada 1.563 veces
    1.561 desde el último reinicio
  • La puntuación promedio es 7 de 12
Estadísticas de respuestas
Hint Respuesta % Correcto
Barcelona, PSG Messi
93%
Rosario, Benfica, Real Madrid, Manchester United, PSG, Juventus Di Maria
88%
Nacional, Groningen, Ajax, Liverpool, Barcelona, Atlético de Madrid Suárez
83%
Celta de Vigo, Liverpool, Sevilla, Celta de Vigo Iago Aspas
63%
Bayern Munich, Borussia Dortmund, Bayern Munich, Borussia Dortmund Hummels
59%
Benfica, Mónaco, Manchester City Bernardo Silva
58%
Boulogne, Caen, Leicester, Chelsea Kanté
54%
Anderlecht, Chelsea, Everton, Manchester United, Inter Milan, Chelsea Lukaku
54%
River Plate, Corinthians, West Ham, Liverpool, Barcelona, HB CFFC, Estudiantes Mascherano
47%
Valencia, Chelsea, Manchester United Juan Mata
36%
Danubio, Reggina, Albacete, Levante, Racing, Espanyol, Middlesbrough, Girona Stuani
32%
Villareal, Mallorca, Espanyol, Villareal Gerard Moreno
31%
No se encontraron pruebas coincidentes
Distribución de puntuación
Porcentaje de gente con cada puntuación
Porcentaje por número respondido
Historial de tus puntuaciones
No has intentado esta prueba desde el último reinicio